| 000 | 00682nam a2200229 a 4500 | ||
|---|---|---|---|
| 005 | 20210219153240.0 | ||
| 008 | 991125n 000 0 spa u | ||
| 035 | _aUPN01000085679 | ||
| 100 | _aINSA RIBELLES, Maria Dolores | ||
| 222 |
_aEDUCACION Y BIBLIOTECA : _bREVISTA MENSUAL DE DOCUMENTACION Y RECURSOS DIDACTICOS |
||
| 245 | _aEl libro infantil en la biblioteca : más allá de la sola literatura | ||
| 260 | _aMADRID, ESPAÑA | ||
| 300 | _a54-55 | ||
| 362 | _a1994 no. 50, oct. | ||
| 653 | 0 | _aBIBLIOTECAS | |
| 653 | 0 | _aESPAÑA | |
| 653 | 0 | _aLECTURA | |
| 653 | 0 | _aLIBROS INFANTILES | |
| 653 | 0 | _aLITERATURA INFANTIL | |
| 904 |
_aAC _b023490 |
||
| 905 | _aArticulo | ||
| 999 |
_c72016 _d72016 |
||